000 00395 a2200169 4500
001 47667
020 _a9788506067413
040 _cAnchieta - Aquarius
100 _aSmith, David J.
240 1 0 _aO direito de ser criança
_lpor
245 1 0 _aO direito de ser criança
300 _a39 p.
362 0 _a2012
440 1 _aMelhoramentos
650 4 _aLiteratura infanto-juvenil
942 _cBK
999 _c47667
_d47667